Systems analysis & design
Αποθηκεύτηκε σε:
| Κύριος συγγραφέας: | |
|---|---|
| Μορφή: | Βιβλίο |
| Γλώσσα: | English |
| Δημοσίευση: |
New York :
Mitchell McGraw-Hill,
c1993
|
| Θέματα: | |
| Ετικέτες: |
Προσθήκη ετικέτας
Δεν υπάρχουν, Καταχωρήστε ετικέτα πρώτοι!
|
MARC
| LEADER | 00000nam a2200000 i 4500 | ||
|---|---|---|---|
| 001 | 1/105174 | ||
| 008 | 000323s1993 eng d | ||
| 020 | |a 0070195730 | ||
| 035 | |l 10059135 | ||
| 040 | |a GR-MY-UA |b gre |e aacr | ||
| 041 | 0 | |a eng | |
| 082 | 0 | |a 004.21 | |
| 100 | 1 | |a Edwards, Perry. | |
| 245 | 1 | 0 | |a Systems analysis & design / |c Perry Edwards |
| 246 | 3 | 3 | |a Systems analysis and design |
| 260 | |a New York : |b Mitchell McGraw-Hill, |c c1993 | ||
| 300 | |a xxii, 521 p.; |b ill.; |c 25 cm | ||
| 504 | |a Includes bibliographical references (p. 505-507) and index | ||
| 650 | 0 | 0 | |a System design. |
| 650 | 0 | 0 | |a System analysis. |
| 650 | 0 | 0 | |a Electronic data processing |x Structured techniques. |
| 852 | |a INST |b SAMOS |e 20000323 |h 004.21 EDW |p 005300017945 |q 005300017945 |t BK |y 0 | ||
| 901 | |a BIBL3-2000-2 | ||
| 909 | |a Σ |b 076682 | ||
| 922 | |a 3ΕΛΗ |b 200003 |c ΚΠΣ |d ΠΑΠΑΣΩΤΗΡΙΟΥ | ||
| 970 | |z 2000/05/ΜΠΡΑΤΤΗΣ | ||